000 00535 a2200157 4500
020 _a8174883959
020 _a9788174883957
090 _c1773
_d1773
245 0 0 _aOperations management.
260 _a[S.l.] :
_bAnmol Publications Pvt. Ltd.,
_c1997.
300 _a1 v. (unpaged)
500 _aUnknown Binding.
856 4 0 _3Amazon.com
_uhttp://www.amazon.com/exec/obidos/ASIN/8174883959/chopaconline-20
856 4 0 _3Amazon customer reviews
_uhttp://www.chopac.org/cgi-bin/tools/azrev.pl?q=8174883959
942 _aNBS
_cBK
_k658.8 MAL
999 _c344287
_d344287